| 000 | 00844nam a22002297a 4500 | ||
|---|---|---|---|
| 005 | 20100805100246.0 | ||
| 010 | _aENG-98163 | ||
| 020 |
_a978812033514 _c595.00 |
||
| 035 | _aEN-81696 | ||
| 037 | _bDBAD/PUB | ||
| 082 | _a658.4038 | ||
| 100 |
_aKelkar, S.A. _96401 |
||
| 245 |
_aStrategic IT management : _ba concise study / _cby S.A.Kelkar |
||
| 260 |
_aNew Delhi _bPHI Lerrning _c2010 |
||
| 270 |
_aM-97,Connaught Circus _bNew Delhi _e110001 |
||
| 300 | x |
_axxi,964p. _c23cm (pbk) |
|
| 650 |
_aInformation technology -cost effectiveness _96402 |
||
| 650 |
_aInformation technology -management _96403 |
||
| 650 |
_aStrategic planning _96404 |
||
| 942 |
_2ddc _cEN _h658.4038 _mKEL |
||
| 999 |
_c39330 _d39330 |
||